| 000 | 01199nam a2200313Ia 4500 | ||
|---|---|---|---|
| 001 | 129373 | ||
| 003 | 220793 | ||
| 005 | 20241106113359.0 | ||
| 008 | ||||||n9999 ||| || || | ||
| 082 | _a3321098 | ||
| 100 |
_aAraujo, Victor Leonardo de _9155902 |
||
| 245 | 0 |
_aLa banca de desarrollo en América Latina _bluces y sombras en la industrialización de la región _cVictor Leonardo de Araujo ... [et al.] ; compilación de Marcelo Rougier |
|
| 504 | _aIncluye bibliografías. | ||
| 562 | _e2 | ||
| 650 |
_aBANCOS DE DESARROLLO--AMERICA LATINA _9155903 |
||
| 650 |
_aBANCOS DE DESARROLLO--AMERICA LATINA--ESTUDIO DE CASOS _9155904 |
||
| 650 |
_aBANCOS DE DESARROLLO--ARGENTINA _9155905 |
||
| 650 |
_aBANCOS DE DESARROLLO--BRASIL _9155906 |
||
| 650 |
_aBANCOS DE DESARROLLO--CHILE--1939-1970 _9155907 |
||
| 650 |
_aBANCOS DE DESARROLLO--COLOMBIA--1940-1964 _9155908 |
||
| 650 | 0 |
_aBancos de desarrollo --historia--América Latina _9155909 |
|
| 650 |
_aBANCOS DE DESARROLLO--MEXICO--1940-1982 _9155910 |
||
| 650 |
_aINDUSTRIALIZACION--AMERICA LATINA _9155911 |
||
| 942 | _cBKM | ||
| 999 |
_c129373 _d129373 |
||
| 526 | _a4969 | ||
| 526 | _a51868 | ||
| 526 | _a1697 | ||